Advances in Sentiment Analysis (Record no. 80934)

MARC details
000 -LEADER
fixed length control field 02976namaa2200409uu 4500
001 - CONTROL NUMBER
control field doab135417
003 - CONTROL NUMBER IDENTIFIER
control field oapen
005 - DATE AND TIME OF LATEST TRANSACTION
control field 20260218110427.0
006 - FIXED-LENGTH DATA ELEMENTS--ADDITIONAL MATERIAL CHARACTERISTICS
fixed length control field m o d
007 - PHYSICAL DESCRIPTION FIXED FIELD--GENERAL INFORMATION
fixed length control field cr|mn|---annan
008 - FIXED-LENGTH DATA ELEMENTS--GENERAL INFORMATION
fixed length control field 240307s2024 xx |||||o ||| 0|eng d
020 ## - INTERNATIONAL STANDARD BOOK NUMBER
International Standard Book Number 9780850140606
020 ## - INTERNATIONAL STANDARD BOOK NUMBER
International Standard Book Number 9780850140613
020 ## - INTERNATIONAL STANDARD BOOK NUMBER
International Standard Book Number 9780850140620
020 ## - INTERNATIONAL STANDARD BOOK NUMBER
International Standard Book Number intechopen.111293
024 7# - OTHER STANDARD IDENTIFIER
Standard number or code 10.5772/intechopen.111293
Source of number or code doi
040 ## - CATALOGING SOURCE
Original cataloging agency oapen
Transcribing agency oapen
Modifying agency
041 0# - LANGUAGE CODE
Language code of text/sound track or separate title eng
042 ## - AUTHENTICATION CODE
Authentication code dc
245 00 - TITLE STATEMENT
Title Advances in Sentiment Analysis
Remainder of title Techniques, Applications, and Challenges
260 ## - PUBLICATION, DISTRIBUTION, ETC.
Name of publisher, distributor, etc. IntechOpen
Date of publication, distribution, etc. 2024
300 ## - PHYSICAL DESCRIPTION
Extent 1 online resource (134 p.)
336 ## - CONTENT TYPE
Content type term text
Content type code txt
Source rdacontent
337 ## - MEDIA TYPE
Media type term computer
Media type code c
Source rdamedia
338 ## - CARRIER TYPE
Carrier type term online resource
Carrier type code cr
Source rdacarrier
490 1# - SERIES STATEMENT
Series statement Artificial Intelligence
Volume/sequential designation 22
506 0# - RESTRICTIONS ON ACCESS NOTE
Standardized terminology for access restriction Unrestricted online access
Source of term star
520 ## - SUMMARY, ETC.
Summary, etc. This cutting-edge book brings together experts in the field to provide a multidimensional perspective on sentiment analysis, covering both foundational and advanced methodologies. Readers will gain insights into the latest natural language processing and machine learning techniques that power sentiment analysis, enabling the extraction of nuanced emotions from text. Key Features: •State-of-the-Art Techniques: Explore the most recent advancements in sentiment analysis, from deep learning approaches to sentiment lexicons and beyond. •Real-World Applications: Dive into a wide range of applications, including social media monitoring, customer feedback analysis, and sentiment-driven decision-making. •Cross-Disciplinary Insights: Understand how sentiment analysis influences and is influenced by fields such as marketing, psychology, and finance. •Ethical and Privacy Considerations: Delve into the ethical challenges and privacy concerns inherent to sentiment analysis, with discussions on responsible AI usage. •Future Directions: Get a glimpse into the future of sentiment analysis, with discussions on emerging trends and unresolved challenges. This book is an essential resource for researchers, practitioners, and students in fields like natural language processing, machine learning, and data science. Whether you're interested in understanding customer sentiment, monitoring social media trends, or advancing the state of the art, this book will equip you with the knowledge and tools you need to navigate the complex landscape of sentiment analysis.
540 ## - TERMS GOVERNING USE AND REPRODUCTION NOTE
Terms governing use and reproduction Creative Commons
-- https://creativecommons.org/licenses/by/3.0/
-- cc
Uniform Resource Identifier <a href="https://creativecommons.org/licenses/by/3.0/">https://creativecommons.org/licenses/by/3.0/</a>
546 ## - LANGUAGE NOTE
Language note English
650 #7 - SUBJECT ADDED ENTRY--TOPICAL TERM
Topical term or geographic name entry element Natural language and machine translation
Source of heading or term bicssc
720 1# - ADDED ENTRY--UNCONTROLLED NAME
Name Li, Jinfeng
Relator code edt
720 1# - ADDED ENTRY--UNCONTROLLED NAME
Name Li, Jinfeng
Relator code oth
793 0# -
-- DOAB Library.
856 ## - ELECTRONIC LOCATION AND ACCESS
Uniform Resource Identifier <a href="https://docs.google.com/spreadsheets/d/1yKIrdCPDAG_9c22mwoOIO2DOhtj65Wqa/edit?usp=sharing&ouid=106555315294820607512&rtpof=true&sd=true ">https://docs.google.com/spreadsheets/d/1yKIrdCPDAG_9c22mwoOIO2DOhtj65Wqa/edit?usp=sharing&ouid=106555315294820607512&rtpof=true&sd=true </a>
Link text List of Curated E-Books
942 ## - ADDED ENTRY ELEMENTS (KOHA)
Koha item type E-Book
Holdings
Withdrawn status Damaged status Not for loan Home library Current library Date acquired Total Checkouts Date last seen Price effective from Koha item type
      Directory of Open Access Books Directory of Open Access Books 12/09/2024   12/09/2024 12/09/2024 E-Book

University of Rizal System
Email us at univlibservices@urs.edu.ph

Visit our Website www.urs.edu.ph/library